| 000 | 01265cam a2200349 i 4500 | ||
|---|---|---|---|
| 001 | 200443816 | ||
| 999 |
_c200443816 _d62028 |
||
| 003 | TR-AnTOB | ||
| 005 | 20241016164946.0 | ||
| 007 | ta | ||
| 008 | 210309s1997 tu d 000 0 tur d | ||
| 040 |
_aTR-AnTOB _beng _erda _cTR-AnTOB |
||
| 041 | 0 | _atur | |
| 050 | 4 |
_aHD9115.T92 _bT87 1997 |
|
| 090 |
_aHD9115.T92 _bT87 1997 |
||
| 245 | 0 | 0 |
_aTürkiye’de şeker ve şekerpancarı üretiminde mevcut durum : _bsorunlar ve çözüm önerileri / _cçalışmayı hazırlayanlar Dr. Cengiz Ersun, Hilal Müftüoğlu, H. Tülay Güzel. |
| 264 | 1 |
_aİstanbul : _bİstanbul Ticaret Odası, _c1997. |
|
| 300 |
_a92 pages : _btables, graphics ; _c24 cm |
||
| 336 |
_atext _btxt _2rdacontent |
||
| 337 |
_aunmediated _bn _2rdamedia |
||
| 338 |
_avolume _bnc _2rdacarrier |
||
| 490 | 0 |
_aİstanbul Ticaret Odası ; _vyayın no: 1997-12 |
|
| 504 | _aBIB | ||
| 650 | 7 |
_aŞeker pancarı endüstrisi _zTürkiye _2etuturkob _966588 |
|
| 650 | 7 |
_aŞeker ticareti _zTürkiye _2 _9110341 |
|
| 700 | 1 |
_aErsun, Cengiz _eeditor _967323 |
|
| 700 | 1 |
_aMüftüoğlu, Hilâl _eeditor _9128039 |
|
| 700 | 1 |
_aGüzel, H. Tülay _eeditor _9128017 |
|
| 710 | 2 |
_aİstanbul Ticaret Odası _919571 |
|
| 942 |
_2lcc _cBK |
||